banner-ar

HOW TO USE THE IBRARY: A REFERNCE AND ASSIGNENT GUIDE FOR STUDENTS / (Record no. 16444)

MARC details
000 -الفاتح
حقل البيانات ثابتة الطول 00524nam a2200181Ia 4500
008 - عناصر البيانات ثابتة الطول - معلومات عامة
حقل البيانات ثابتة الطول 140319s9999 xx 000 0 eng d
040 ## - مصدر الفهرسة
وكالة الفهرسة الأصلية GCL /
وكالة النسخ GCL
082 04 - رقم تصنيف ديوى العشرى
رقم التصنيف 011.02
رقم المادة f h
100 1# - المدخل الرئيسى - إسم شخصى
الإسم الشخصى FERRO, FRANK
245 10 - بيان العنوان
العنوان HOW TO USE THE IBRARY: A REFERNCE AND ASSIGNENT GUIDE FOR STUDENTS /
بيان المسئوليه,etc FERRO, FRANK
700 1# - المدخل الاضافى - اسم شخصى
الإسم الشخصى LUSHINGTON, NOLAN
260 ## - PUBLICATION, DISTRIBUTION, ETC. (IMPRINT)
تاريخ النشر أو التوزيع 1998
300 ## - الوصف المادى
التعداد 324 P
650 04 - المدخل الاضافى بالموضوع-مصطلح موضوعى
مصطلح موضوعي REFERENCES - U.S
650 04 - المدخل الاضافى بالموضوع-مصطلح موضوعى
مصطلح موضوعي LIBRARY RESEARCH - U.S
942 ## - عناصر المدخل الإضافي( كوها)
مصدر التصنيف او مخطط الترفيف Dewey Decimal Classification
Koha [default] item type كتاب
260 ## - PUBLICATION, DISTRIBUTION, ETC. (IMPRINT)
-- [S.N] :
-- GREENWOOD PRESS PUBLISHERS ،
Holdings
حالة التراجع حالة الفقد حالة تلف ليس للاعارة المكان المؤقت الموقع الحالى تاريخ الاكتساب اجمالي اﻻعارات رقم الطلب الباركود تاريخ اخر مشاهدة تاريخ تفعيل السعر نوع وعاء كوها
        مكتبة القاهرة الكبرى مكتبة القاهرة الكبرى 03/26/2014   011.02\f h 29863 03/26/2014 03/26/2014 كتاب

Powered By

EGPV